• 首页
  • 本馆介绍
  • 公告通知
  • 最新文献
  • 馆藏检索
  • 电子资源
  • 读者导购
  • 参考咨询
  • 我的图书馆
  • 登录
  • 详细信息显示
  • 放入我的书架
  • 预约/预借图书
  • 作者相关作品
  • 分类相关作品
  • 丛书相关作品
  • 出版社相关作品

书目信息

  • 表格格式
  • 工作单格式
  • 卡片格式
题名:
诗词曲赋知识手册
    
 
作者: 常法宽 主编
分册:  
出版信息: 北京   商务印书馆国际有限公司  2017重印
页数: 590页
开本: 21cm
丛书名:
单 册:
中图分类: I207.2
科图分类:
主题词: 韵文--yun wen--基本知识--中国
电子资源:
ISBN: 978-7-80103-866-1
000 01236nam0 2200265 45
001 012001010970
005 20191125160245.20
010    @a978-7-80103-866-1@dCNY45.00
099    @aCAL 012012242682
100    @a20120814d2012 ekmy0chiy50 ea
101 0  @achi
102    @aCN@b110000
105    @ay z 000gy
106    @ar
200 1  @a诗词曲赋知识手册@Ashi ci qu fu zhi shi shou ce
205    @a第2版
210    @a北京@c商务印书馆国际有限公司@d2017重印
215    @a590页@d21cm
314    @a书中题: 主编常法宽
330    @a《诗词曲赋知识手册》是一本介绍诗词曲赋知识的工具书,读者对象为中小学语文教师、大学中文专业师生及古典文学爱好者。全书约60万字,按诗、词、曲、赋四部分进行编排。《律诗指要》专门讲律诗,并着重介绍、评论杜甫的律诗。《词谱指要》编排了100余种常用的词谱,附以“题考”溯源辨流。《曲谱指要》编排了100余种常用的曲谱,附以名家评点、名家名作赏析及美学评论。《赋典》收赋体名称近40条,赋家简介80余条,辞赋名篇简介近130条,名家论赋50余条,古代著名赋论10余条,并附有《赋论》,系统地介绍赋的起源演变与发展及当代赋作的创作现状。
606 0  @a韵文@Ayun wen@x基本知识@y中国
690    @aI207.2@v4
701  0 @a常法宽@Achang fa kuan@4主编
801  2 @aCN@b上海新华@c20191020
905    @b1137457-60@dI207.2@e1250=2@f4
    
    诗词曲赋知识手册.-第2版.-北京:商务印书馆国际有限公司,2017重印
    590页;21cm
    
    
    ISBN 978-7-80103-866-1:CNY45.00
    《诗词曲赋知识手册》是一本介绍诗词曲赋知识的工具书,读者对象为中小学语文教师、大学中文专业师生及古典文学爱好者。全书约60万字,按诗、词、曲、赋四部分进行编排。《律诗指要》专门讲律诗,并着重介绍、评论杜甫的律诗。《词谱指要》编排了100余种常用的词谱,附以“题考”溯源辨流。《曲谱指要》编排了100余种常用的曲谱,附以名家评点、名家名作赏析及美学评论。《赋典》收赋体名称近40条,赋家简介80余条,辞赋名篇简介近130条,名家论赋50余条,古代著名赋论10余条,并附有《赋论》,系统地介绍赋的起源演变与发展及当代赋作的创作现状。
●
相关链接 在E读中查询图书 在五车中查询图书 在当当中查询图书 在豆瓣中查询图书


正题名:诗词曲赋知识手册     索取号:I207.2/1250=2         预约/预借

序号 登录号 条形码 馆藏地/架位号 状态 备注
1 1137457   211374573   第一样本阅览室/ [索取号:I207.2/1250=2] 在馆    
2 1137458   211374582   第二借阅区/ [索取号:I207.2/1250=2] 在馆    
3 1137459   211374591   第二借阅区/ [索取号:I207.2/1250=2] 在馆    
4 1137460   211374608   第二借阅区/ [索取号:I207.2/1250=2] 在馆    
唐山师范学院图书馆 欢迎您!
大连网信软件有限公司© 版权所有